00802 2200181 4500001002100000005001500021035002000036245005800056100001500114250001700129300003100146260002900177082001100206084001700217020002200234650002500256520033900281INLIS00000000000024120240529072916 a0010-05240001631 aKamus Kalimat Bergambar untuk Anak-Anak /cTim Nuansa0 aTim Nuansa acetakan ke-1 a140 hlm :bilus ;c22,5 cm aBandung :bNuansa,c2007 a413.17 a413.17 TIM k a978-979-245-653-8 4akamus bahasa inggris aDari A hingga Z, lebih dari 620 entri kata diungkapkan dengan kalimat pendek yang secara jelas menunjukkan penggunaannya dalam keadaan sehari-hari. Dilengkapi dengan gambar-gambar yang menarik dan informatif. Cerdas, modern dan semarak, buku ini merupakan bantuan belajar yang menarik bagi kelancaran membaca dan belajar bahasa.